000 00261nam a22001097a 4500
008 170113b xxu||||| |||| 00| 0 eng d
020 _a9780721658971
041 _aeng
080 _a618.2
245 _aCRITICAL THINKING IN NURSING
_cLEFEVRE, R.S
942 _2udc
_cBK
999 _c2845
_d2845